| 000 | 00658nam a2200205Ii 4500 | ||
|---|---|---|---|
| 003 | JO-AjNU | ||
| 008 | 230605s9999||||xx |||||||||||||| ||und|| | ||
| 017 | _a2009/6/2502 | ||
| 040 |
_aJO-AjNU _bara _erda _cJO-AjNU |
||
| 041 | _aara | ||
| 050 | 1 | 4 | _aQA76.75.Y37 2010 |
| 100 | 3 |
_aياسين ، سعد غالب , _eauthor _931632 |
|
| 245 | 0 | 0 | _aنظم ادارة قواعد البيانات |
| 264 | 3 | 1 | _aعمان:داراليازوري ، 2010 |
| 300 | _a320ص | ||
| 336 |
_atext _btxt _2rdacontent |
||
| 337 |
_aunmediated _bn _2rdamedia |
||
| 338 |
_avolume _bnc _2rdacarrier |
||
| 650 | 4 |
_aنظم المعلومات - قواعد البانات _931633 |
|
| 999 |
_aA12673 _c16241 _d16241 |
||